<?xml version="1.0" encoding="UTF-8"?>
<record
    xmlns:xsi="http://www.w3.org/2001/XMLSchema-instance"
    xsi:schemaLocation="http://www.loc.gov/MARC21/slim http://www.loc.gov/standards/marcxml/schema/MARC21slim.xsd"
    xmlns="http://www.loc.gov/MARC21/slim">

  <leader>00731aaa a2200229 a 4500</leader>
  <controlfield tag="001"> 79037</controlfield>
  <controlfield tag="003">BD-RjUL</controlfield>
  <controlfield tag="005">20211220143548.0</controlfield>
  <controlfield tag="008">211220s1935    ir ||||| |||| 001 e urd d</controlfield>
  <datafield tag="035" ind1=" " ind2=" ">
    <subfield code="a">(BD-RjUL) 79037</subfield>
  </datafield>
  <datafield tag="040" ind1=" " ind2=" ">
    <subfield code="a">BD-RjUL</subfield>
    <subfield code="b">eng</subfield>
    <subfield code="c">BD-RjUL</subfield>
  </datafield>
  <datafield tag="041" ind1=" " ind2=" ">
    <subfield code="a">urd/per</subfield>
  </datafield>
  <datafield tag="082" ind1=" " ind2=" ">
    <subfield code="2">23</subfield>
    <subfield code="a">891.551</subfield>
    <subfield code="b">SAR 1935</subfield>
  </datafield>
  <datafield tag="100" ind1="1" ind2=" ">
    <subfield code="a">&#x633;&#x639;&#x62F;&#x64A;,  &#x627;&#x644;&#x634;&#x64A;&#x631;&#x627;&#x632;&#x64A;   ;; Sa&#x2BB;d&#x12B;.; Shiraji</subfield>
    <subfield code="9">248125</subfield>
  </datafield>
  <datafield tag="245" ind1="1" ind2="0">
    <subfield code="a">&#x6AF;&#x644;&#x633;&#x62A;&#x627;&#x646; &#x645;&#x62A;&#x631;&#x62C;&#x645;;; Tarjuma Gulistan /</subfield>
    <subfield code="c">&#x633;&#x639;&#x62F;&#x649; &#x627;&#x644;&#x634;&#x64A;&#x631;&#x627;&#x632;&#x64A; ;; Saada Shirazi</subfield>
  </datafield>
  <datafield tag="260" ind1=" " ind2=" ">
    <subfield code="a">Lakhnu :</subfield>
    <subfield code="b">Matbu Munsi Nolkishar,</subfield>
    <subfield code="c">1938</subfield>
  </datafield>
  <datafield tag="260" ind1=" " ind2=" ">
    <subfield code="a">Tehran :</subfield>
    <subfield code="b">Farhang Mashriq, , </subfield>
    <subfield code="c">2004</subfield>
  </datafield>
  <datafield tag="300" ind1=" " ind2=" ">
    <subfield code="a">284p. ;</subfield>
    <subfield code="c">23 cm</subfield>
  </datafield>
  <datafield tag="650" ind1=" " ind2=" ">
    <subfield code="a">&#x646;&#x62B;&#x631; &#x641;&#x627;&#x631;&#x633;&#x64A;</subfield>
    <subfield code="9">248126</subfield>
  </datafield>
  <datafield tag="650" ind1=" " ind2=" ">
    <subfield code="a">Persian prose </subfield>
    <subfield code="9">248127</subfield>
  </datafield>
  <datafield tag="942" ind1=" " ind2=" ">
    <subfield code="2">ddc</subfield>
    <subfield code="c">BK</subfield>
  </datafield>
  <datafield tag="999" ind1=" " ind2=" ">
    <subfield code="c">79037</subfield>
    <subfield code="d">79037</subfield>
  </datafield>
  <datafield tag="952" ind1=" " ind2=" ">
    <subfield code="0">0</subfield>
    <subfield code="1">0</subfield>
    <subfield code="2">ddc</subfield>
    <subfield code="4">0</subfield>
    <subfield code="7">1</subfield>
    <subfield code="8">NFIC</subfield>
    <subfield code="a">RUCL</subfield>
    <subfield code="b">RUCL</subfield>
    <subfield code="c">Reading</subfield>
    <subfield code="d">1973-10-15</subfield>
    <subfield code="e">Quran Manjil , Rajshahi</subfield>
    <subfield code="g">5.00</subfield>
    <subfield code="o">U 891.551 SAR 1935</subfield>
    <subfield code="r">2021-12-20 00:00:00</subfield>
    <subfield code="t">C-1</subfield>
    <subfield code="y">BK</subfield>
  </datafield>
</record>
